00304 a2200109 4500001000700000040003500007100002100042240005200063245004700115362000900162440002300171155212 cEscola São Tomás de Aquino aCORRÊA, M. Pio10aDicionário das plantas úteis do Brasillpor10aDicionário das plantas úteis do Brasil0 a1984 1aImprensa Nacional